Les Biblioteques d'hospital a Catalunya / per Maria Miralda
Descripción Física:
40 p. ; 21 cm
Materias:
Biblioteques d'hospitals -- Catalunya
MARC
| LEADER | 00000nam a2200000Ia 4500 | ||
|---|---|---|---|
| 001 | 8743 | ||
| 008 | 160829s1934 xx 000 0 cat d | ||
| 080 | |a RF-6-40 | ||
| 100 | |a Miralda, Maria |9 28296 | ||
| 245 | |a Les Biblioteques d'hospital a Catalunya / per Maria Miralda | ||
| 260 | |a Barcelona : |b Escola de Bibliotecàries de la Generalitat de Catalunya, |c 1934 | ||
| 300 | |a 40 p. ; |c 21 cm | ||
| 490 | |a Quaderns de treball / Escola de Bibliotecàries ; 1 | ||
| 650 | |a Biblioteques d'hospitals |x Catalunya |9 28297 | ||
| 710 | 2 | |a Escola de Bibliotecàries |9 54304 | |
| 856 | 4 | |u https://media.diba.cat/diba/fitxers/arxiu/fulletons/bib_8743_1934_baixa.pdf |y Accés lliure | |
| 856 | 4 | |u https://media.diba.cat/diba/fitxers/arxiu/fulletons/bib_8743_1934_baixa.pdf |y Accés lliure | |
| 901 | |a Arxiu | ||
| 942 | |n 1 |2 udc | ||
| 952 | |0 0 |1 0 |4 0 |6 RF640 |7 1 |9 44767 |a Arxiu |b Arxiu |d 2016-12-01 |l 0 |o RF-6-40 |p 8743 |r 2016-12-01 00:00:00 |w 2016-12-01 |y ARXIU | ||
| 999 | |c 47349 |d 47349 | ||
| 900 | |a bib_8743_1934_baixa.pdf | ||